[Event "Gatineau Richard & Richard Memorial"]
[Site "Gatineau"]
[Date "2004.02.06"]
[Round "5"]
[White "Cousineau, Gaston"]
[Black "Ethier, Valori"]
[Result "0-1"]
[WhiteElo "1357"]
[BlackElo "1433"]
[PlyCount "85"]
[EventDate "2004.01.??"]
[EventType "swiss"]
[EventRounds "5"]
[EventCountry "CAN"]
[SourceTitle "EXT 2005"]
[Source "ChessBase"]
[SourceDate "2004.11.15"]
[SourceVersion "1"]
[SourceVersionDate "2004.11.15"]
[SourceQuality "1"]

1. Nf3 d5 2. d4 Nf6 3. Bg5 Ne4 4. e3 Nxg5 5. Nxg5 e5 6. Nxf7 Kxf7 7. Qh5+ g6 8. Qxe5 Bg7 9. Qf4+ Bf6 10. h4 Re8 11. Nc3 Nc6 12. a3 Nxd4 13. Bd3 Bf5 14. 0-0-0 Bxd3 15. Rxd3 Ne6 16. Qf3 c6 17. g3 Kg7 18. g4 Rf8 19. Qe2 Bxh4 20. Rxh4 Qxh4 21. f3 Qh1+ 22. Rd1 Qxf3 23. Qh2 Qxe3+ 24. Rd2 Rf1+ 25. Nd1 Rxd1+ 26. Kxd1 Qf3+ 27. Kc1 Qf1+ 28. Rd1 Qf4+ 29. Qxf4 Nxf4 30. Rf1 g5 31. Kd2 Re8 32. Rf2 Kg6 33. Kc3 b6 34. b4 a6 35. Kb3 Re3+ 36. c3 Rg3 37. Rd2 Rxg4 38. c4 Rg3+ 39. Ka2 Rg2 40. Rb2 h5 41. cxd5 cxd5 42. Kb3 Rxb2+ 43. Kxb2 0-1